[Event "Palmanova op 12th"]
[Site "Palmanova"]
[Date "2023.12.08"]
[Round "1"]
[White "Monegato, Leonardo"]
[Black "Marchesich, Giovanni"]
[Result "1/2-1/2"]
[WhiteElo "1923"]
[BlackElo "2223"]
[PlyCount "42"]
[EventDate "2023.12.08"]
[EventType "swiss"]
[EventRounds "5"]
[EventCountry "ITA"]
[SourceTitle "CB50_2023"]
[SourceDate "2023.12.13"]
[SourceVersion "1"]
[SourceVersionDate "2023.12.13"]
[SourceQuality "1"]

1. e4 c6 2. d4 d5 3. Nc3 dxe4 4. Nxe4 Bf5 5. Ng3 Bg6 6. h4 h6 7. Nf3 Nd7 8. h5 Bh7 9. Bd3 Bxd3 10. Qxd3 e6 11. Bd2 Ngf6 12. 0-0-0 Qb6 13. c4 Rd8 14. Kb1 Be7 15. Bc3 0-0 16. Ne4 c5 17. Rhg1 Ng4 18. Qe2 f5 19. Ng3 Bf6 20. Ne5 cxd4 21. Bxd4 Nc5 1/2-1/2